The cotton industry in the industrial revolution
में बचाया:
| मुख्य लेखक: | |
|---|---|
| स्वरूप: | पुस्तक |
| भाषा: | Undetermined |
| प्रकाशित: |
London
The MacMillan Press, Ltd
1977
|
| विषय: | |
| टैग : |
टैग जोड़ें
कोई टैग नहीं, इस रिकॉर्ड को टैग करने वाले पहले व्यक्ति बनें!
|
| Thư viện lưu trữ: | Trung tâm Học liệu Trường Đại học Cần Thơ |
|---|
| LEADER | 00491nam a2200181Ia 4500 | ||
|---|---|---|---|
| 001 | CTU_86202 | ||
| 008 | 210402s9999 xx 000 0 und d | ||
| 082 | |a 338.4 | ||
| 082 | |b C466 | ||
| 100 | |a Chapman, S D | ||
| 245 | 4 | |a The cotton industry in the industrial revolution | |
| 245 | 0 | |c S D Chapman | |
| 260 | |a London | ||
| 260 | |b The MacMillan Press, Ltd | ||
| 260 | |c 1977 | ||
| 650 | |a Cotton manufacture | ||
| 904 | |i Năm | ||
| 980 | |a Trung tâm Học liệu Trường Đại học Cần Thơ | ||